Quizzes
Events
Quiz Creation
Community
Videos
Private Events
Remove Ads
Sign In
Join for FREE
Feedback
Dark Mode
Quiz Categories
Sports
Geography
Music
Movies
Television
Just For Fun
Miscellaneous
History
Literature
Language
Science
Gaming
Entertainment
Religion
Holiday
For Kids
Quiz Lab
Recent
Popular Today
Quiz Kudos Today
Editor Picks
Curator Picks
Quizzes by...
Day
Popularity
Type
Ratings
Length
Year
Community
Subscriptions
Recent Discussions
Orange Saloon
Badges
Playlists
Quests
Create
Leaderboards
Showdown
Live 5
Trivia Bingo
Activity
Puzzle Library
Sporcle Events
Private Events
Virtual Trivia
Globe League
Become a Host
Pub Owners
SporcleCon
Opinionation
Our Games
Videos
Blog
Mobile Apps
Partnerships
Remove Ads and Go Orange
Feedback
Sports
Athletes
MLB
NBA
NHL
NFL
Soccer
Sports Teams
WWE
NCAA
Football
Premier League
Basketball
Baseball
Hockey
Golf
Tennis
Cricket
Rugby
Auto Racing
Olympics
World Cup
Sports
Athletes
MLB
NBA
NHL
NFL
Soccer
Sports Teams
WWE
NCAA
Football
Premier League
Basketball
Baseball
Hockey
Golf
Tennis
Cricket
Rugby
Auto Racing
Olympics
World Cup
Random Quiz
Search Sporcle
×
Quiz Lab
Quiz Lab
Sports
past
Type in answers that appear in a list
Type in answers that appear in a list
Classic
Best Score? Go Orange.
Can you name the previous 30 Man of Steel winners? Stats
Can you name the previous 30 Man of Steel winners??
By
loverugbyleague
10m
30 Questions
660 Plays
660 Plays
660 Plays
Comments
Comments
Give Quiz Kudos
Give Quiz Kudos
-
- Ratings
hide this ad
Replay
Link that replays current quiz
Next Quiz
Link to next quiz in quiz playlist
You Got
0%
They Got
Avg Score
52%
Avg Friend Score
Upgrade to see
Score Distribution
Jump to the score distribution portion of the page
Score
0/30
Timer
10:00
0
Plays Today
Hint
Answer
% Correct
2017
Luke Gale
77.1%
2000
Sean Long
75.2%
2018
Ben Barba
74.7%
2007
James Roby
73.9%
1996
Andy Farrell
71.1%
2004
Andy Farrell
71.1%
2014
Daryl Clark
69.5%
2001
Paul Sculthorpe
67%
2002
Paul Sculthorpe
67%
2003
Jamie Peacock
66.4%
2013
Danny Brough
66.4%
2016
Danny Houghton
61.4%
1989
Ellery Hanley
59.4%
2015
Zak Hardaker
56.8%
1990
Shaun Edwards
55.6%
Hint
Answer
% Correct
2006
Paul Wellens
54.7%
2005
Jamie Lyon
53.3%
2012
Sam Tomkins
52.3%
2011
Rangi Chase
47.6%
2010
Pat Richards
42%
2008
James Graham
41.5%
1999
Adrian Vowles
38.6%
1998
Iestyn Harris
37.3%
1997
James Lowes
34.2%
2009
Brett Hodgson
33.2%
1995
Denis Betts
29.7%
1991
Garry Schofield
28%
1992
Dean Bell
25.3%
1994
Jonathan Davies
25.2%
1993
Andy Platt
16.7%
Quiz Playlist
Details
Report
Send in Message
Add To Playlist
Classic:
Type in answers that appear in a list
Last Updated: Sep 15, 2019
Quiz Scoreboard
CHALLENGE
Sign Up to Join the Scoreboard
Show All
Scores
Hide
Comments
May contain spoilers
Recently Published
Presidents Visiting Landmarks
by Hejman
History
7m
An Introduction to Baseball
by treessimontrees
Sports
5m
Movies - When Are They Set?
by FPL_Elf
Movies
5m
More to Explore
Quiz From the Vault
Featured Blog Post
Where Did the Easter Bunny Come From?
hide this ad
You Might Also Like...
Tags
club
Man
past
steel
Winner
Today's Top Quizzes in Sports
Browse Sports
hide this ad
Today's Top Quizzes in past
Browse past
Top Contributed Quizzes in Sports
1
Les meilleurs buteurs des matchs entre le PSG et l’OM
2
2022 World Cup Stars
3
FIFA Club World Cup Champions
4
Les entraîneurs de l'OM et du PSG au 21e siècle
5
Name the Premier League winners with different clubs
6
La finale Lions - Afrique du Sud 2021
7
England Test cricketers to play under Nasser Hussain
8
5-to-1: UK Sports Teams
9
Les joueurs passés par le LOSC et le RC Lens
10
Criteria MLB: Left Handed Sluggers
Explore More
Trending Topics
Anime
Disney
Harry Potter
Marvel
Kpop
NBA
Crossword
NFL
Pokémon
WWE
Soccer
Song
Puzzle
Country
The Office
hide this ad
More By:
loverugbyleague
Quiz
Plays
Rating
Category
Featured
Created
Super League clubs
3,697
2.25
Sports
Sep 2, 2019
12 English players in the NRL in 2019
3,423
Sports
Jan 26, 2020
The Big Fat Rugby League Quiz of 2019
3,208
Sports
Dec 10, 2019
Top 13 Super League points scorers
2,219
Sports
Apr 17, 2020
Man of Steel winners
1,920
Sports
Apr 3, 2020
Go to Creator's Profile
Score Distribution
Quiz Creator Spotlight
loverugbyleague
Follow
Send a Message
Quizzes Created
-
Created Quiz Play Count
-
More By This Creator
Popular Quizzes Today
1
Find the US States - No Outlines Minefield
2
Find the Countries of Europe - No Outlines Minefield
3
The Countries of the World
4
Popular People in 1961
5
Find the US States
6
US States
7
Risky Map Clicking: Biggest States A-Z
8
1-10 Letter E Words III
More Sports Quizzes
Baseball Hall of Famers by Induction Speech
Editor's Pick
Trending Quizzes
Risky Map Clicking: Least Populous States A-Z
1-10 Letter G Words
1-10 Letter F Words
One Thing in Common: United Kingdom
Risky Map Clicking: Next State Alphabetically
Recently Updated
Leaping Animals
pecheneg
Reality TV Shows (A-Z)
bhenderson79
Rickey Henderson's Hall of Fame Teammates
pecheneg
Champions League XIs: Arsenal
pecheneg
Quick Pick: Celebrities in WWE's Hall of Fame
aduchscher
A-Z Keypad Blitz II
pecheneg
Multiple Oscar Actors
pecheneg
Mystery Phrase Blitz: Oscar 'Best Actors'
pecheneg
F. Scott Fitzgerald Novels
LTH
Pick 3 Villains
ddd62291
Trending Topics
Anime
Disney
NBA
Harry Potter
Marvel
Crossword
Kpop
Soccer
Country
NFL
Puzzle
Pokémon
The Office
Song
WWE
Your Account Isn't Verified!
In order to create a playlist on Sporcle, you need to verify the email address you used during registration. Go to your
Sporcle Settings
to finish the process.
Report this User
Report this user for behavior that violates our
Community Guidelines
.
Details:
Send Report
Go to the Sporcle.com Mobile Site →
Comments